[Event "Titled Tuesday intern op 27th Feb Late"]
[Site "Chess.com INT"]
[Date "2024.02.27"]
[Round "2"]
[White "Zhang, Kendrick Botong"]
[Black "Marn, Jan"]
[Result "1-0"]
[WhiteElo "1844"]
[BlackElo "2341"]
[PlyCount "143"]
[EventDate "2024.02.27"]
[EventType "swiss (blitz)"]
[EventRounds "11"]
[EventCountry "USA"]
[SourceTitle "CB10_2024"]
[SourceDate "2024.03.06"]
[SourceVersion "1"]
[SourceVersionDate "2024.03.06"]
[SourceQuality "1"]

1. e3 Nf6 2. Nf3 d5 3. d4 Bf5 4. c4 c6 5. Nc3 e6 6. Bd3 Bxd3 7. Qxd3 Nbd7 8. 0-0 Bd6 9. a3 0-0 10. b4 dxc4 11. Qxc4 e5 12. Bb2 e4 13. Nd2 Qe7 14. Qe2 Rfe8 15. Nc4 Bc7 16. b5 c5 17. Rfd1 cxd4 18. Rxd4 Nb6 19. Nxb6 Bxb6 20. Nd5 Nxd5 21. Rxd5 Red8 22. Rad1 f6 23. Qc4 Kh8 24. h3 Rxd5 25. Rxd5 Qe8 26. Rd1 Rc8 27. Qb3 Qg8 28. Qxg8+ Kxg8 29. Rd2 Rd8 30. Rxd8+ Bxd8 31. Kf1 Kf7 32. Ke2 Ke6 33. Kd2 Kd5 34. Kc3 Ba5+ 35. Kb3 Be1 36. f3 Bd2 37. Bd4 a6 38. bxa6 bxa6 39. Kc2 Ba5 40. Kb3 Bd8 41. Kb4 g6 42. Kb3 f5 43. Kc3 Ba5+ 44. Kb3 f4 45. Ba7 fxe3 46. Bxe3 exf3 47. gxf3 Be1 48. Bg1 Bd2 49. Kc2 Bf4 50. Kd3 Bd6 51. a4 Bc5 52. Bh2 Bf2 53. Bf4 Kc5 54. Kc3 Be1+ 55. Kb3 Kd4 56. Bc1 Kd3 57. f4 Ke4 58. Kc4 Bf2 59. Kb4 Bb6 60. Bd2 Kd3 61. Bc3 h5 62. Be5 Bd8 63. Kc5 Ke4 64. Kd6 g5 65. fxg5 Bxg5 66. Ke6 Kd3 67. Kf5 Bd8 68. Bf6 Bc7 69. Kg5 Kc4 70. Kxh5 Kb4 71. Kg6 Kxa4 72. h4 1-0

[Event "Titled Tuesday intern op 16th Jan Late"]
[Site "Chess.com INT"]
[Date "2024.01.16"]
[Round "3"]
[White "Sadovsky, Artem"]
[Black "Zhang, Kendrick Botong"]
[Result "1-0"]
[WhiteElo "2276"]
[BlackElo "1815"]
[PlyCount "51"]
[EventDate "2024.01.16"]
[EventType "swiss (blitz)"]
[EventRounds "11"]
[EventCountry "USA"]
[SourceTitle "CB04_2024"]
[SourceDate "2023.10.16"]
[SourceVersion "1"]
[SourceVersionDate "2023.10.16"]
[SourceQuality "1"]

1. Nf3 Nf6 2. b3 g6 3. Bb2 Bg7 4. e3 0-0 5. Be2 d5 6. 0-0 c5 7. c4 dxc4 8. bxc4 b6 9. d4 cxd4 10. exd4 Bb7 11. d5 Nbd7 12. Nbd2 Nc5 13. Nb3 Nxb3 14. axb3 a5 15. Re1 Rc8 16. Bf1 Nd7 17. Bxg7 Kxg7 18. Qd4+ f6 19. Ng5 Nc5 20. Ne6+ Nxe6 21. Rxe6 Rc5 22. Rae1 Rf7 23. d6 exd6 24. Rxd6 Qc7 25. Re8 Bc6 26. Ree6 1-0

[Event "Titled Tuesday intern op 16th Jan Late"]
[Site "Chess.com INT"]
[Date "2024.01.16"]
[Round "8"]
[White "Zhang, Kendrick Botong"]
[Black "Antunes, Luciano Justi"]
[Result "0-1"]
[WhiteElo "1815"]
[BlackElo "2045"]
[PlyCount "76"]
[EventDate "2024.01.16"]
[EventType "swiss (blitz)"]
[EventRounds "11"]
[EventCountry "USA"]
[SourceTitle "CB04_2024"]
[SourceDate "2023.10.16"]
[SourceVersion "1"]
[SourceVersionDate "2023.10.16"]
[SourceQuality "1"]

1. e4 c5 2. g3 Nc6 3. Bg2 g6 4. Ne2 Bg7 5. c3 d6 6. d4 cxd4 7. cxd4 e6 8. 0-0 Nge7 9. Nbc3 a6 10. d5 exd5 11. exd5 Ne5 12. f4 Ng4 13. h3 Qb6+ 14. Kh1 Nf2+ 15. Rxf2 Qxf2 16. Bd2 0-0 17. Be1 Qb6 18. Na4 Qd8 19. Rc1 b5 20. Nac3 Nf5 21. b3 Ne3 22. Qd3 Nxg2 23. Kxg2 Qd7 24. g4 f5 25. g5 Re8 26. Nd4 Bxd4 27. Qxd4 Bb7 28. Bf2 Rac8 29. Rd1 Qc7 30. Be1 Qg7 31. Qd3 b4 32. Na4 a5 33. Bf2 Qe7 34. Nb6 Rc3 35. Qd4 Qe4+ 36. Qxe4 Rxe4 37. Bg3 Re2+ 38. Kf1 Rxa2 0-1

[Event "Titled Tuesday intern op 16th Jan Late"]
[Site "Chess.com INT"]
[Date "2024.01.16"]
[Round "4"]
[White "Zhang, Kendrick Botong"]
[Black "Willy, Stephen"]
[Result "0-1"]
[WhiteElo "1815"]
[BlackElo "1946"]
[PlyCount "78"]
[EventDate "2024.01.16"]
[EventType "swiss (blitz)"]
[EventRounds "11"]
[EventCountry "USA"]
[SourceTitle "CB04_2024"]
[SourceDate "2023.10.16"]
[SourceVersion "1"]
[SourceVersionDate "2023.10.16"]
[SourceQuality "1"]

1. e4 Nc6 2. d4 d5 3. e5 Bf5 4. f4 e6 5. Nf3 Bg4 6. Be3 Nh6 7. Bd3 Nf5 8. Bxf5 Bxf5 9. c3 a5 10. Nbd2 h5 11. 0-0 h4 12. Bf2 Be7 13. Qe1 Bd3 14. h3 a4 15. Qe3 Bxf1 16. Rxf1 Qd7 17. Qe1 Qd8 18. Qe2 g6 19. Qb5 Qd7 20. Qxb7 Rb8 21. Qa6 Rxb2 22. Qxa4 0-0 23. Nb3 Nxe5 24. Qxd7 Nxd7 25. Bxh4 Bxh4 26. Nxh4 Rxa2 27. Rf2 Rxf2 28. Kxf2 Rb8 29. Nd2 c5 30. Ke3 Rb2 31. Nhf3 cxd4+ 32. cxd4 Nb6 33. Kd3 Nc4 34. Nxc4 dxc4+ 35. Kxc4 Rxg2 36. Ne5 Rf2 37. Nd3 Rf3 38. h4 Rh3 39. Ne5 Rxh4 0-1

[Event "NZL-ch Rapid 131st"]
[Site "Palmerston North"]
[Date "2024.01.12"]
[Round "8.3"]
[White "Liu, William Rui"]
[Black "Zhang, Kendrick Botong"]
[Result "1-0"]
[WhiteElo "1853"]
[BlackElo "1815"]
[PlyCount "97"]
[EventDate "2024.01.11"]
[EventType "swiss (rapid)"]
[EventRounds "9"]
[EventCountry "NZL"]
[SourceTitle "CB03_2024"]
[SourceDate "2024.01.17"]
[SourceVersion "1"]
[SourceVersionDate "2024.01.17"]
[SourceQuality "1"]

1. e4 c5 2. Nf3 e6 3. d4 cxd4 4. Nxd4 Nc6 5. Nc3 Qc7 6. Be2 a6 7. 0-0 Nf6 8. Be3 Bb4 9. Na4 Be7 10. Nc3 0-0 11. f3 b5 12. a3 Bb7 13. Qd2 Rfd8 14. Nxc6 Bxc6 15. Bf4 Qb6+ 16. Be3 Bc5 17. Bxc5 Qxc5+ 18. Kh1 d5 19. exd5 Nxd5 20. Nxd5 Bxd5 21. Bd3 Bc4 22. Qc3 Rac8 23. Bxc4 Qxc4 24. Qxc4 Rxc4 25. c3 Rc5 26. Rfd1 Rcd5 27. Rxd5 Rxd5 28. h3 Kf8 29. a4 Rd2 30. b4 Ke7 31. Kh2 f6 32. axb5 axb5 33. Kg3 h5 34. Ra5 Rd5 35. Ra8 Rg5+ 36. Kf2 Kd6 37. Rc8 Kd7 38. Rg8 h4 39. Rh8 Rd5 40. Rxh4 Rd2+ 41. Kg3 Rc2 42. Rh7 Rxc3 43. Rxg7+ Kd6 44. h4 Rb3 45. h5 Rxb4 46. h6 Rb1 47. Rg4 Rc1 48. h7 Rc8 49. Rg8 1-0

[Event "NZL-ch Rapid 131st"]
[Site "Palmerston North"]
[Date "2024.01.12"]
[Round "6.10"]
[White "Zhang, Kendrick Botong"]
[Black "Wang, Justin Zhide"]
[Result "1-0"]
[WhiteElo "1815"]
[BlackElo "1667"]
[PlyCount "55"]
[EventDate "2024.01.11"]
[EventType "swiss (rapid)"]
[EventRounds "9"]
[EventCountry "NZL"]
[SourceTitle "CB03_2024"]
[SourceDate "2024.01.17"]
[SourceVersion "1"]
[SourceVersionDate "2024.01.17"]
[SourceQuality "1"]

1. e4 e6 2. d4 d5 3. Nc3 Nf6 4. e5 Nfd7 5. f4 c5 6. Nf3 Nc6 7. Be3 a6 8. Qd2 b5 9. a3 Qb6 10. Ne2 cxd4 11. Nexd4 Nxd4 12. Bxd4 Bc5 13. c3 Bb7 14. Bd3 Bxd4 15. Nxd4 Nc5 16. Bc2 a5 17. 0-0 Ba6 18. f5 b4 19. Rf2 b3 20. Bb1 0-0-0 21. Qg5 g6 22. f6 h6 23. Qe3 Kb7 24. Rd2 a4 25. Nf3 Qb5 26. Rd1 Qb6 27. Rd4 Qb5 28. Rb4 1-0

[Event "Southern Chess Classic"]
[Site "Invercargill"]
[Date "2023.07.14"]
[Round "2"]
[White "Zhang, Kendrick Botong"]
[Black "Van der Krogt, Adrian"]
[Result "1-0"]
[WhiteElo "1821"]
[BlackElo "1426"]
[PlyCount "95"]
[EventDate "2023.07.14"]
[EventType "swiss"]
[EventRounds "6"]
[EventCountry "NZL"]
[SourceTitle "EXT 2024"]
[Source "ChessBase"]
[SourceDate "2023.10.10"]
[SourceVersion "1"]
[SourceVersionDate "2023.10.10"]
[SourceQuality "1"]

1. e4 e6 2. d4 d5 3. Nc3 dxe4 4. Nxe4 Nf6 5. Bg5 Be7 6. Nxf6+ Bxf6 7. Bxf6 Qxf6 8. Bd3 Bd7 9. Ne2 Nc6 10. Be4 h5 11. 0-0 g5 12. f4 g4 13. c3 Ne7 14. b4 c6 15. g3 h4 16. Nc1 hxg3 17. hxg3 Qh6 18. Bg2 Nf5 19. Qd3 0-0-0 20. Kf2 Qf6 21. Nb3 Rh2 22. Rh1 Rdh8 23. Nc5 Ne7 24. Rxh2 Rxh2 25. Rh1 Rxh1 26. Bxh1 Qg6 27. Be4 Qh5 28. b5 Nd5 29. c4 Nf6 30. Bg2 Be8 31. Qb3 b6 32. bxc6 Qh2 33. Qb5 Kc7 34. Nxe6+ fxe6 35. Qe5+ Kc8 36. Qxf6 Qh7 37. Qxe6+ Kc7 38. f5 Qg7 39. Qxe8 Qxd4+ 40. Qe3 Qf6 41. Qf4+ Kc8 42. Qxg4 a5 43. Qg8+ Kc7 44. Qh7+ Kd6 45. Qd7+ Kc5 46. Qd5+ Kb4 47. Qb5+ Ka3 48. Qb3# 1-0

[Event "Auckland Trusts op 45th"]
[Site "Auckland"]
[Date "2023.06.05"]
[Round "5"]
[White "Zhang, Kendrick Botong"]
[Black "Tew, Yao Zen Markis"]
[Result "0-1"]
[WhiteElo "1791"]
[BlackElo "1686"]
[PlyCount "66"]
[EventDate "2023.06.03"]
[EventType "swiss"]
[EventRounds "6"]
[EventCountry "NZL"]
[SourceTitle "EXT 2024"]
[Source "ChessBase"]
[SourceDate "2023.10.10"]
[SourceVersion "1"]
[SourceVersionDate "2023.10.10"]
[SourceQuality "1"]

1. e4 c5 2. Nf3 e6 3. d4 cxd4 4. Nxd4 Nf6 5. Nc3 Nc6 6. Nxc6 bxc6 7. e5 Nd5 8. Ne4 Bb7 9. c4 Nb4 10. f4 c5 11. a3 Bxe4 12. axb4 cxb4 13. Qd4 Bc6 14. Rxa7 Be7 15. Rxa8 Qxa8 16. Kf2 0-0 17. Rg1 Qa5 18. Be3 f6 19. Kg3 fxe5 20. fxe5 Rf5 21. Bd3 Rxe5 22. b3 Rh5 23. h3 Qc7+ 24. Kf2 Bc5 25. Qg4 Bxe3+ 26. Kxe3 Qe5+ 27. Kf2 Rg5 28. Qh4 Qb2+ 29. Ke3 Re5+ 30. Kf4 Qd4+ 31. Kg3 Re3+ 32. Kh2 Qxh4 33. Bxh7+ Kxh7 0-1

[Event "Arie Nijman Memorial"]
[Site "Christchurch"]
[Date "2023.05.21"]
[Round "6"]
[White "Liu, William Rui"]
[Black "Zhang, Kendrick Botong"]
[Result "0-1"]
[WhiteElo "1821"]
[BlackElo "1791"]
[PlyCount "68"]
[EventDate "2023.05.19"]
[EventType "swiss"]
[EventRounds "6"]
[EventCountry "NZL"]
[SourceTitle "EXT 2024"]
[Source "ChessBase"]
[SourceDate "2023.10.10"]
[SourceVersion "1"]
[SourceVersionDate "2023.10.10"]
[SourceQuality "1"]

1. e4 c5 2. Nf3 e6 3. d4 cxd4 4. Nxd4 Nc6 5. Nc3 Qc7 6. Be2 a6 7. 0-0 Nf6 8. Be3 Bb4 9. f3 0-0 10. Qd2 d5 11. Nxc6 bxc6 12. a3 Bxc3 13. Qxc3 dxe4 14. fxe4 Nxe4 15. Qc4 Nf6 16. Bd3 Nd5 17. Bc5 Re8 18. Qh4 f5 19. g4 g6 20. gxf5 exf5 21. c4 Nb6 22. Rae1 Be6 23. Bd4 c5 24. Qf6 cxd4 25. Rxe6 Nd7 26. Rxe8+ Rxe8 27. Qxd4 Ne5 28. Qc3 Ng4 29. Qd2 Rd8 30. Rf3 Ne5 31. Re3 f4 32. Rh3 f3 33. Qf4 Rxd3 34. Qe4 Qc5+ 0-1

[Event "NZL-ch op-A 130th"]
[Site "Wellington"]
[Date "2023.01.07"]
[Round "6"]
[White "Wang, Justin Zhide"]
[Black "Zhang, Kendrick Botong"]
[Result "1/2-1/2"]
[WhiteElo "1875"]
[BlackElo "2071"]
[PlyCount "119"]
[EventDate "2023.01.02"]
[EventType "swiss"]
[EventRounds "9"]
[EventCountry "NZL"]
[SourceTitle "EXT 2024"]
[Source "ChessBase"]
[SourceDate "2023.10.10"]
[SourceVersion "1"]
[SourceVersionDate "2023.10.10"]
[SourceQuality "1"]

1. d4 Nf6 2. Bf4 g6 3. e3 Bg7 4. Nf3 0-0 5. Nbd2 d5 6. Bd3 c5 7. c3 cxd4 8. cxd4 Nc6 9. a3 Nh5 10. Bg3 Nxg3 11. hxg3 e5 12. dxe5 Nxe5 13. Nxe5 Bxe5 14. Qb3 Be6 15. Qb5 Qf6 16. Rb1 Qe7 17. Nf3 Bg7 18. 0-0 Rac8 19. Rfc1 b6 20. b4 Rxc1+ 21. Rxc1 Bb2 22. Rb1 Qc7 23. Qa4 Qc3 24. Qc2 Qxc2 25. Bxc2 Bf6 26. Nd4 Rc8 27. Bb3 a6 28. Kf1 Kf8 29. Ke2 Ke7 30. Kd2 Kd6 31. Nxe6 fxe6 32. Rc1 Rf8 33. Rc2 Be5 34. Kd3 b5 35. f4 Bf6 36. e4 Bd8 37. Rc8 Be7 38. Rxf8 dxe4+ 39. Kxe4 Bxf8 40. a4 Kd7 41. axb5 axb5 42. g4 Bxb4 43. f5 exf5+ 44. gxf5 Ke7 45. fxg6 hxg6 46. g4 Kd6 47. Bd1 Kc5 48. Kd3 Be1 49. Kc2 Kc4 50. Be2+ Kb4 51. Bd3 g5 52. Kb2 Bc3+ 53. Kb1 Ka4 54. Bc2+ Ka3 55. Bf5 b4 56. Bg6 Bd4 57. Bf5 b3 58. Be6 Be3 59. Bf5 b2 60. Be6 1/2-1/2

[Event "NZL-ch rapid op 130th"]
[Site "Wellington"]
[Date "2023.01.05"]
[Round "6"]
[White "Zhang, Kendrick Botong"]
[Black "Carpinter, Anthony Lawrence"]
[Result "1/2-1/2"]
[WhiteElo "1889"]
[BlackElo "2144"]
[PlyCount "123"]
[EventDate "2023.01.04"]
[EventType "swiss (rapid)"]
[EventRounds "9"]
[EventCountry "NZL"]
[SourceTitle "CBM 212 Extra"]
[Source "ChessBase"]
[SourceDate "2023.03.31"]
[SourceVersion "1"]
[SourceVersionDate "2023.03.31"]
[SourceQuality "1"]

1. e4 e6 2. d4 d5 3. Nc3 Nf6 4. e5 Nfd7 5. f4 c5 6. Nf3 Nc6 7. Be3 Be7 8. Qd2 0-0 9. Be2 a6 10. 0-0 b5 11. a3 Rb8 12. dxc5 Nxc5 13. b4 Nd7 14. Bd3 Nb6 15. Ne2 Nc4 16. Qc1 f6 17. Ned4 Bd7 18. Nxc6 Bxc6 19. exf6 Bxf6 20. Bd4 Bxd4+ 21. Nxd4 Qb6 22. c3 Rbe8 23. Bxc4 dxc4 24. Qe3 Bd5 25. Rae1 Qb7 26. g3 Re7 27. Qe5 Rfe8 28. Rf2 Qd7 29. Rfe2 Ba8 30. Kf2 Qd5 31. Qxd5 Bxd5 32. Nf5 Rd7 33. Nd4 Kf7 34. Re5 Rde7 35. f5 Kf6 36. fxe6 Bxe6 37. Nc6 Rd7 38. Nd4 Rde7 39. Rc5 Bd7 40. Rxe7 Rxe7 41. Rd5 Rf7 42. Ke2 Bg4+ 43. Kd2 Ke7 44. Nc6+ Ke6 45. Rd4 Rf2+ 46. Ke1 Re2+ 47. Kf1 Bf3 48. Nd8+ Ke7 49. Rf4 Bh5 50. Nc6+ Kd6 51. Nb8 Rxh2 52. Nxa6 Bg6 53. Nc5 Bd3+ 54. Nxd3 cxd3 55. Rd4+ Ke5 56. Rxd3 Ra2 57. Rd7 Rxa3 58. Rxg7 Rxc3 59. Rxh7 Rxg3 60. Rh5+ Kd4 61. Rxb5 Kc4 62. Ke1 1/2-1/2

[Event "NZL-ch rapid op 130th"]
[Site "Wellington"]
[Date "2023.01.04"]
[Round "4"]
[White "Zhang, Kendrick Botong"]
[Black "Barnett Harris, Lucas"]
[Result "1-0"]
[WhiteElo "1889"]
[BlackElo "1597"]
[PlyCount "79"]
[EventDate "2023.01.04"]
[EventType "swiss (rapid)"]
[EventRounds "9"]
[EventCountry "NZL"]
[SourceTitle "CBM 212 Extra"]
[Source "ChessBase"]
[SourceDate "2023.03.31"]
[SourceVersion "1"]
[SourceVersionDate "2023.03.31"]
[SourceQuality "1"]

1. e4 c5 2. Nf3 Nc6 3. d4 cxd4 4. Nxd4 e6 5. Nc3 Nf6 6. Be3 Bb4 7. f3 d5 8. Nxc6 bxc6 9. exd5 cxd5 10. Bd4 0-0 11. Bb5 Bd7 12. Bxd7 Qxd7 13. a3 Ba5 14. Qd2 Rab8 15. b4 Bb6 16. 0-0 Rfc8 17. Bxb6 Rxb6 18. Ne2 Rbc6 19. Nd4 Rc4 20. Rfc1 Qd6 21. Nb3 Qc7 22. Nc5 Nd7 23. Nxd7 Qxd7 24. Ra2 Rc3 25. Qd4 R8c4 26. Qe5 Qa4 27. f4 h6 28. f5 exf5 29. Qxf5 d4 30. Rf1 Rc7 31. Qd5 Rd7 32. Qa8+ Kh7 33. Qe4+ Kg8 34. Qe8+ Kh7 35. Rxf7 Rcc7 36. Qe4+ Kg8 37. Qe8+ Kh7 38. Rf8 g6 39. Rh8+ Kg7 40. Qf8# 1-0

[Event "Sitges Sunway op 9th"]
[Site "Sitges"]
[Date "2022.12.14"]
[Round "3"]
[White "Zhang, Kendrick Botong"]
[Black "Rajarishi, Karthi"]
[Result "0-1"]
[WhiteElo "1963"]
[BlackElo "2239"]
[PlyCount "58"]
[EventDate "2022.12.12"]
[EventType "swiss"]
[EventRounds "10"]
[EventCountry "ESP"]
[SourceTitle "CBM 211 Extra"]
[Source "ChessBase"]
[SourceDate "2023.01.31"]
[SourceVersion "1"]
[SourceVersionDate "2023.01.31"]
[SourceQuality "1"]

1. e4 e6 2. d4 d5 3. Nc3 Bb4 4. e5 c5 5. a3 Bxc3+ 6. bxc3 Qc7 7. Qg4 Ne7 8. Bd3 cxd4 9. Ne2 dxc3 10. Qxg7 Rg8 11. Qxh7 Qxe5 12. Bf4 Qf6 13. h4 Rxg2 14. Bg3 e5 15. Qh5 e4 16. Bb5+ Bd7 17. Bxd7+ Nxd7 18. Kf1 Rxg3 19. Nxg3 0-0-0 20. Qg5 Qe6 21. Qe3 Nc6 22. Ne2 Nde5 23. Rd1 Nc4 24. Qxc3 e3 25. Nd4 Qf6 26. Rh2 Nd2+ 27. Rxd2 exd2 28. Qh3+ Rd7 29. Qd3 Qxd4 0-1

[Event "South Island-ch Rapid"]
[Site "Invercargill"]
[Date "2022.10.09"]
[Round "5"]
[White "Rains, Edward"]
[Black "Zhang, Kendrick Botong"]
[Result "0-1"]
[WhiteElo "1953"]
[BlackElo "1849"]
[PlyCount "162"]
[EventDate "2022.10.09"]
[EventType "swiss (rapid)"]
[EventRounds "6"]
[EventCountry "NZL"]
[SourceTitle "EXT 2024"]
[Source "ChessBase"]
[SourceDate "2023.10.10"]
[SourceVersion "1"]
[SourceVersionDate "2023.10.10"]
[SourceQuality "1"]

1. e4 c5 2. Be2 Nc6 3. d3 e6 4. f4 d5 5. Nf3 Bd6 6. 0-0 Nge7 7. Qe1 0-0 8. Nc3 a6 9. Qh4 d4 10. Nd1 Ng6 11. Qg3 f5 12. e5 Be7 13. Bd2 Kh8 14. Nf2 b6 15. Qh3 Bb7 16. Qh5 Qe8 17. Ng5 Bxg5 18. Qxg5 Qe7 19. Nh3 Qxg5 20. Nxg5 Nd8 21. Bf3 Bxf3 22. Rxf3 h6 23. Rh3 Kg8 24. Nf3 Nc6 25. Nh4 Nxh4 26. Rxh4 Ne7 27. Kf2 Nd5 28. Ke2 Kf7 29. h3 Ke7 30. Rf1 Rf7 31. c4 dxc3 32. bxc3 Kd7 33. c4 Ne7 34. g4 Raf8 35. Rh5 fxg4 36. hxg4 Ng6 37. f5 exf5 38. Rfxf5 Rxf5 39. gxf5 Nxe5 40. Bc3 Kd6 41. f6 gxf6 42. Bxe5+ fxe5 43. Rxh6+ Kc7 44. Rh7+ Kc6 45. Rh6+ Kb7 46. Rh7+ Kb8 47. Re7 Rh8 48. a4 Rh2+ 49. Ke3 Ra2 50. Re6 Kc7 51. Rxe5 Rxa4 52. Re7+ Kd6 53. Rh7 a5 54. Rh6+ Kc7 55. Ke4 Ra1 56. Kd5 Kb7 57. Rh7+ Ka6 58. Rh8 Rg1 59. Ra8+ Kb7 60. Rh8 Rg7 61. Rh3 Rd7+ 62. Ke6 Rd4 63. Ke5 a4 64. Rg3 a3 65. Rg7+ Ka6 66. Rg3 a2 67. Rg8 Rd8 68. Rxd8 a1Q+ 69. Ke4 Qh1+ 70. Ke5 Kb7 71. Rd5 Qh5+ 72. Ke6 Qg6+ 73. Ke5 Kc6 74. Kf4 Qf6+ 75. Ke3 Qe6+ 76. Kd2 Qxd5 77. cxd5+ Kxd5 78. Kc3 b5 79. Kd2 Kd4 80. Kc2 b4 81. Kd2 b3 0-1

[Event "South Island-ch"]
[Site "Invercargill"]
[Date "2022.10.05"]
[Round "1"]
[White "Zhang, Kendrick Botong"]
[Black "Tunnicliffe, Connor"]
[Result "1-0"]
[WhiteElo "1949"]
[BlackElo "1467"]
[PlyCount "123"]
[EventDate "2022.10.05"]
[EventType "swiss"]
[EventRounds "8"]
[EventCountry "NZL"]
[SourceTitle "EXT 2024"]
[Source "ChessBase"]
[SourceDate "2023.10.10"]
[SourceVersion "1"]
[SourceVersionDate "2023.10.10"]
[SourceQuality "1"]

1. e4 c6 2. d4 d5 3. e5 Bf5 4. Nd2 e6 5. Nb3 Nd7 6. Nf3 c5 7. dxc5 Nxc5 8. Be3 Nd7 9. Nbd4 Ne7 10. Be2 Bg6 11. 0-0 Nc6 12. Nxc6 bxc6 13. Qd2 Qc7 14. Bf4 Be7 15. Bg3 Nc5 16. c3 Ne4 17. Qe3 Bc5 18. Nd4 a5 19. f3 Nxg3 20. hxg3 Bb6 21. g4 0-0 22. f4 Be4 23. Bf3 Bxf3 24. Rxf3 c5 25. Ne2 d4 26. cxd4 cxd4 27. Qd3 Rac8 28. Rc1 Qe7 29. Rh3 g6 30. Rd1 Qb4 31. Rd2 Rc7 32. Kh2 a4 33. g5 Rd8 34. Ng3 Ba5 35. Ne4 Kg7 36. Rh6 Qc4 37. Qxc4 Rxc4 38. Rd3 Rc2 39. Nf6 Rd2 40. Rxh7+ Kf8 41. Rxd2 Bxd2 42. Rh8+ Ke7 43. Rxd8 Kxd8 44. Kg3 Kc7 45. Kf3 Kc6 46. Ke4 Be3 47. Ne8 Kc5 48. Nd6 Kb4 49. Nxf7 Bc1 50. b3 a3 51. Kxd4 Bxf4 52. Nd8 Bxe5+ 53. Kxe5 Kc3 54. b4 Kb2 55. b5 Kxa2 56. b6 Ka1 57. b7 a2 58. Kd6 e5 59. Nc6 e4 60. b8Q e3 61. Nd4 e2 62. Nc2# 1-0

[Event "Auckland Stuart Memorial op"]
[Site "Auckland"]
[Date "2022.06.25"]
[Round "4"]
[White "Zhang, Kendrick Botong"]
[Black "Stark, John"]
[Result "1-0"]
[WhiteElo "1777"]
[BlackElo "2060"]
[PlyCount "107"]
[EventDate "2022.06.24"]
[EventType "swiss"]
[EventRounds "6"]
[EventCountry "NZL"]
[SourceTitle "EXT 2024"]
[Source "ChessBase"]
[SourceDate "2023.10.10"]
[SourceVersion "1"]
[SourceVersionDate "2023.10.10"]
[SourceQuality "1"]

1. e4 e6 2. d4 d5 3. Nc3 Nf6 4. e5 Nfd7 5. f4 c5 6. Nf3 Nc6 7. Be3 a6 8. Qd2 b5 9. a3 Rb8 10. dxc5 Bxc5 11. Bxc5 Nxc5 12. b4 Nd7 13. Ne2 f6 14. Ned4 Nxd4 15. Qxd4 0-0 16. exf6 Qxf6 17. Qxf6 Rxf6 18. g3 e5 19. Nxe5 Nxe5 20. fxe5 Rf5 21. Bg2 Rxe5+ 22. Kd2 Bb7 23. Rae1 Rbe8 24. Rxe5 Rxe5 25. Rf1 h6 26. Kd3 Bc6 27. Bf3 Kh7 28. Kd4 Re8 29. Rf2 Ba8 30. Re2 Rc8 31. c3 Rc4+ 32. Kd3 Bc6 33. Re6 Bd7 34. Rxa6 Bf5+ 35. Kd2 d4 36. cxd4 Rxd4+ 37. Ke3 Rd3+ 38. Kf4 g5+ 39. Kxf5 Rxf3+ 40. Kg4 Rf2 41. Ra5 Kg6 42. Ra6+ Kg7 43. Rb6 Ra2 44. Rxb5 Rxa3 45. Rb7+ Kg6 46. Rb6+ Kg7 47. Kh5 Ra2 48. Rg6+ Kf7 49. Rxh6 Rxh2+ 50. Kxg5 Rd2 51. Rb6 Ke7 52. g4 Rd5+ 53. Kh6 Rd4 54. g5 1-0

[Event "Christchurch Nijman Memorial"]
[Site "Christchurch"]
[Date "2022.05.15"]
[Round "5"]
[White "Yu, Zachary"]
[Black "Zhang, Kendrick Botong"]
[Result "1-0"]
[WhiteElo "1785"]
[BlackElo "1973"]
[PlyCount "65"]
[EventDate "2022.05.13"]
[EventType "swiss"]
[EventRounds "6"]
[EventCountry "NZL"]
[SourceTitle "EXT 2024"]
[Source "ChessBase"]
[SourceDate "2023.10.10"]
[SourceVersion "1"]
[SourceVersionDate "2023.10.10"]
[SourceQuality "1"]

1. d4 Nf6 2. c4 g6 3. Nc3 d5 4. cxd5 Nxd5 5. e4 Nxc3 6. bxc3 Bg7 7. Bc4 c5 8. Ne2 Nc6 9. Be3 0-0 10. 0-0 Bg4 11. f3 Na5 12. Bb3 cxd4 13. cxd4 Bd7 14. Nc3 Rc8 15. Rc1 Nc4 16. Bxc4 Rxc4 17. Qd3 Be6 18. d5 Rc8 19. Rfd1 Bd7 20. Rc2 Qa5 21. Rdc1 b5 22. d6 exd6 23. Nd5 Rxc2 24. Qxc2 Be6 25. Ne7+ Kh8 26. Qd3 Bc4 27. Qxd6 Qxa2 28. Bd4 Qa5 29. Nxg6+ Kg8 30. Ne7+ Kh8 31. Bxg7+ Kxg7 32. Nf5+ Kg8 33. Qg3+ 1-0